Direito constitucional sistematizado

Bibliographic Details
Main Author: dos Santos, Eduardo
Format: eBook
Language:Portuguese
Published: Indaiatuba: Editora Foco, 2021
Subjects:
Online Access:Acceso restringido

MARC

LEADER 00000nam a22000007a 4500
005 20211213232611.0
007 cr|||| ||||
008 211213s2021 br |||||s|||| 00||0 por d
020 |a 978-65-5515-223-4 
035 |a 35453 
040 |a vLex 
090 |c 12705  |d 12705 
100 1 |a dos Santos, Eduardo 
245 1 0 |a Direito constitucional sistematizado  |h [Recurso electrn̤ico] /  |c Eduardo dos Santos 
256 |a Servicio en ln̕ea 
260 |a Indaiatuba:  |b Editora Foco,  |c 2021 
300 |a 1 recurso electrn̤ico 
500 |a Nunca foi tô fc̀il aprender Direito Constitucional! O livro busca tornar o Direito Constitucional acessv̕el a todos, facilitando a compreensô dos assuntos mais difc̕eis e temidos pelos alunos. Nô h ̀dv︢idas de que essa obra vai fazer voc ̊aprender, de uma vez por todas, a disciplina de Direito Constitucional! O livro aborda de maneira sistematizada todos os assuntos do Direito Constitucional, tratando com leveza os temas sem se afastar do necessr̀io aprofundamento ter̤ico e jurisprudencial exigido pelas bancas de Concurso Pb︢lico, pelo Exame de Ordem e, at ̌mesmo, por aqueles que desejam uma leitura mais profunda e crt̕ica, pois o autor adentra nos assuntos mais densos, difc̕eis e polm̊icos, resumindo-os de forma didt̀ica e posicionando-se criticamente em relaȯ̂ a todos eles. Todos os capt̕ulos foram escritos de forma sistematizada e com independn̊cia em relaȯ̂ aos demais, possibilitando que o leitor estude de forma completa um certo assunto sem ter a necessidade de consultar outros capt̕ulos. Assim, cada capt̕ulo deste livro foi estruturado da seguinte maneira: Doutrina sistematizada, abordada de forma didt̀ica com destacamento em negrito dos trechos mais importantes, facilitando a compreensô dos temas; Jurisprudn̊cia sistematizada, com os principais informativos e decise̳s do STJ e do STF abordados de forma resumida e simplificada; Uso de mapas mentais, mnemn̥icos, esquemas, grf̀icos, tabelas e organogramas espalhados ao longo do texto, facilitando a compreensô do leitor e auxiliando na aprendizagem e memorizaȯ̂ do conted︢o; Quadros sinp̤ticos ao final de cada capt̕ulo, contendo um resumo sistematizado dos pontos mais importantes daquele assunto, de modo a permitir uma revisô precisa aos estudantes, concurseiros e aobeiros na reta final de seus estudos. E-book com Queste̳s Objetivas e Discursivas do Exame da OAB e de Concursos Pb︢licos devidamente comentadas, com indicaȯ̂ dos principais fundamentos, artigos e sm︢ulas aplicv̀eis ̉questô. 
506 1 |a Disponible solo en los productos indicados  |d vLex Global  |d vLex Global (Academic Edition, excluding Law Schools)  |d vLex Global (U.S. Academic Edition, Law Schools)  |d vLex Global (U.S. Academic Edition, excluding Law Schools)  |d vLex Global (Academic Edition, Law Schools) 
650 0 4 |a Derecho Constitucional  |z Brasil 
740 0 |a vLex Libros (Servicio en ln̕ea) 
856 4 0 |u https://app.vlex.com/#/sources/35453  |z Acceso restringido 
942 |c BOOK 
999 0 |a Constitutional right